000 00703cam a22002413a 4500
001 19825
003 PGUSA
005 20140828083423.0
008 061116s2006||||xxu|||||s|||||000 | eng d
040 _aPGUSA
_beng
042 _adc
050 4 _aHQ
100 1 _aLowry, E. B.
_q(Edith Belle),
_d1878-1945
245 1 0 _aHerself :
_bTalks with Women Concerning Themselves
_h[electronic resource] /
_cE. B. Lowry
260 _bProject Gutenberg,
_c2006
506 _aPublic domain in the USA.
516 _aElectronic text
653 _aWomen -- Health and hygiene
653 _aSexual ethics
830 0 _aProject Gutenberg
_v19825
856 4 0 _uhttp://www.gutenberg.org/ebooks/19825
942 _cEB
999 _c249080
_d249080